Sociedad secreta / (Record no. 125018)
[ view plain ]
| 000 -CABECERA | |
|---|---|
| campo de control de longitud fija | 00305nam a2200109 u 4500 |
| 005 - FECHA Y HORA DE LA ÚLTIMA TRANSACCIÓN | |
| campo de control | 20210219155821.0 |
| 008 - ELEMENTOS DE LONGITUD FIJA--INFORMACIÓN GENERAL | |
| campo de control de longitud fija | 071011s2000 r 000 0 eng d |
| 035 ## - NÚMERO DE CONTROL DEL SISTEMA | |
| Número de control de sistema | UPN01000152895 |
| 245 00 - MENCIÓN DE TÍTULO | |
| Título | Sociedad secreta / |
| Mención de responsabilidad, etc. | dir. Rob Cohen. |
| 260 ## - PUBLICACIÓN, DISTRIBUCIÓN, ETC. | |
| Lugar de publicación, distribución, etc. | EE.UU. : |
| Nombre del editor, distribuidor, etc. | Universal MCA, |
| -- | Quality films, |
| Fecha de publicación, distribución, etc. | 2000. |
| 905 ## - TIPO DE MATERIAL | |
| Tipo de material | Au |
| Estado de retiro | Estado de pérdida | Fuente del sistema de clasificación o colocación | Estado dañado | No para préstamo | Código de colección | Localización permanente | Ubicación/localización actual | Ubicación en estantería | Total de préstamos | Código de barras | Fecha visto por última vez | Número de copia | Tipo de ítem Koha |
|---|---|---|---|---|---|---|---|---|---|---|---|---|---|
| Library of Congress Classification | Audiovisuales | Bib. Gregorio Torres Quintero | Bib. Gregorio Torres Quintero | Audiovisual | 254254 | 31/12/2020 | 1 | Videocasete |
